Zia-un-Nabi (P.B.U.H) (Vol. IV) (Record no. 7038)
[ view plain ]
| 000 -LEADER | |
|---|---|
| fixed length control field | 00400 a2200145 4500 |
| 082 ## - DEWEY DECIMAL CLASSIFICATION NUMBER | |
| Classification number | 297.092 |
| 090 ## - LOCALLY ASSIGNED LC-TYPE CALL NUMBER (OCLC); LOCAL CALL NUMBER (RLIN) | |
| -- | 3123 |
| -- | 3123 |
| 100 ## - MAIN ENTRY--PERSONAL NAME | |
| Personal name | Shah, Muhmmad Karum |
| 245 ## - TITLE STATEMENT | |
| Title | Zia-un-Nabi (P.B.U.H) (Vol. IV) |
| Statement of responsibility, etc. | Muhmmad Karum Shah |
| 260 ## - PUBLICATION, DISTRIBUTION, ETC. | |
| Place of publication, distribution, etc. | Lahore: |
| Name of publisher, distributor, etc. | Zia-ul-Quran Publicatins, |
| Date of publication, distribution, etc. | 1992. |
| 300 ## - PHYSICAL DESCRIPTION | |
| Extent | 854 |
| Dimensions | 25 cm. |
| 500 ## - GENERAL NOTE | |
| General note | Includes Index |
| 650 ## - SUBJECT ADDED ENTRY--TOPICAL TERM | |
| Topical term or geographic name entry element | Muhammad (S.A.W.), Prophet |
| 942 ## - ADDED ENTRY ELEMENTS (KOHA) | |
| Koha item type | Book |
| Call number prefix | 297.092 SHA |
| Withdrawn status | Lost status | Damaged status | Not for loan | Collection code | Permanent Location | Current Location | Shelving location | Date acquired | Source of acquisition | Cost, normal purchase price | Full call number | Barcode | Date last seen | Price effective from | Koha item type |
|---|---|---|---|---|---|---|---|---|---|---|---|---|---|---|---|
| NUST Law School (NLS) | NUST Law School (NLS) | General Stacks | 08/14/2021 | Zia-ul-Quran, Lahore | 330.00 | 297.092 SHA | SEECS000189 | 11/14/2012 | 01/05/2017 | Reference | |||||
| NUST Law School (NLS) | NUST Law School (NLS) | General Stacks | 08/14/2021 | Zia-ul-Quran, Lahore | 330.00 | 297.092 SHA | SEECS000188 | 11/14/2012 | 01/05/2017 | Reference |
